<?xml version="1.0" encoding="UTF-8"?>
<record
    xmlns:xsi="http://www.w3.org/2001/XMLSchema-instance"
    xsi:schemaLocation="http://www.loc.gov/MARC21/slim http://www.loc.gov/standards/marcxml/schema/MARC21slim.xsd"
    xmlns="http://www.loc.gov/MARC21/slim">

  <leader>04014nam a2200469 i 4500</leader>
  <controlfield tag="001">20481</controlfield>
  <controlfield tag="003">FINmELB</controlfield>
  <controlfield tag="005">20241216213841.0</controlfield>
  <controlfield tag="006">m     o  d |      </controlfield>
  <controlfield tag="006">m     o  d        </controlfield>
  <controlfield tag="007">cr cnu||||||||</controlfield>
  <controlfield tag="008">210604s2018    ck      ob    000 0 spa d</controlfield>
  <datafield tag="020" ind1=" " ind2=" ">
    <subfield code="a">9789587747454</subfield>
    <subfield code="q">(e-book)</subfield>
  </datafield>
  <datafield tag="035" ind1=" " ind2=" ">
    <subfield code="a">(OCoLC)1257034539</subfield>
  </datafield>
  <datafield tag="040" ind1=" " ind2=" ">
    <subfield code="a">FINmELB</subfield>
    <subfield code="b">spa</subfield>
    <subfield code="e">rda</subfield>
    <subfield code="c">FINmELB</subfield>
  </datafield>
  <datafield tag="050" ind1=" " ind2="4">
    <subfield code="a">HG4551</subfield>
    <subfield code="b">.V376 2018</subfield>
  </datafield>
  <datafield tag="082" ind1="0" ind2="4">
    <subfield code="a">332.642</subfield>
    <subfield code="2">23</subfield>
  </datafield>
  <datafield tag="100" ind1="1" ind2=" ">
    <subfield code="a">Var&#xF3;n Palomino, Juan Carlos,</subfield>
    <subfield code="e">autor.</subfield>
  </datafield>
  <datafield tag="245" ind1="1" ind2="0">
    <subfield code="a">R&#xE9;gimen del mercado de valores.</subfield>
    <subfield code="n">Tomo III,</subfield>
    <subfield code="p">Intermediaci&#xF3;n en el mercado de valores /</subfield>
    <subfield code="c">Juan Carlos Var&#xF3;n Palomino, Germ&#xE1;n Dar&#xED;o Abella Abondano (coordinadores acad&#xE9;micos).</subfield>
  </datafield>
  <datafield tag="246" ind1="3" ind2="0">
    <subfield code="a">Intermediaci&#xF3;n en el mercado de valores</subfield>
  </datafield>
  <datafield tag="264" ind1=" " ind2="1">
    <subfield code="a">Bogot&#xE1;, Colombia :</subfield>
    <subfield code="b">Universidad de los Andes,</subfield>
    <subfield code="c">[2018]</subfield>
  </datafield>
  <datafield tag="264" ind1=" " ind2="4">
    <subfield code="c">&#xA9;2018</subfield>
  </datafield>
  <datafield tag="300" ind1=" " ind2=" ">
    <subfield code="a">1 recurso en l&#xED;nea</subfield>
  </datafield>
  <datafield tag="336" ind1=" " ind2=" ">
    <subfield code="a">texto</subfield>
    <subfield code="b">txt</subfield>
    <subfield code="2">rdacontent/spa</subfield>
  </datafield>
  <datafield tag="337" ind1=" " ind2=" ">
    <subfield code="a">computadora</subfield>
    <subfield code="b">c</subfield>
    <subfield code="2">rdamedia/spa</subfield>
  </datafield>
  <datafield tag="338" ind1=" " ind2=" ">
    <subfield code="a">recurso en l&#xED;nea</subfield>
    <subfield code="b">cr</subfield>
    <subfield code="2">rdacarrier/spa</subfield>
  </datafield>
  <datafield tag="504" ind1=" " ind2=" ">
    <subfield code="a">Incluye referencias bibliogr&#xE1;ficas.</subfield>
  </datafield>
  <datafield tag="505" ind1="0" ind2=" ">
    <subfield code="a">P&#xC1;GINA LEGAL -- &#xCD;NDICE GENERAL -- PRESENTACI&#xD3;N -- PARTE PRIMERA. INTERMEDIACI&#xD3;N EN EL MERCADO DE VALORES -- CAP&#xCD;TULO &#xDA;NICO CONCEPTO Y MODALIDADES DE INTERMEDIACI&#xD3;N EN EL MERCADO DE (...) -- PARTE SEGUNDA. CONTRATOS, OPERACIONES, PRODUCTOS Y SERVICIOS DE (...) -- CAP&#xCD;TULO I. CONTRATO DE COMPRAVENTA -- CAP&#xCD;TULO II. CONTRATO DE COMISI&#xD3;N -- CAP&#xCD;TULO III. CONTRATO DE CORRETAJE -- CAP&#xCD;TULO IV. CONTRATOS DE ADMINISTRACI&#xD3;N DE INVERSIONES E INTERMEDIACI&#xD3;N (...) -- CAP&#xCD;TULO V. CONTRATO DE UNDERWRITING -- CAP&#xCD;TULO VI. CONTRATOS DE DERIVADOS -- CAP&#xCD;TULO VII. CONTRATO DE CUENTAS DE MARGEN -- CAP&#xCD;TULO VIII. CONTRATO DE VENTAS EN CORTO -- CAP&#xCD;TULO IX. CONTRATOS DE REPOS, SIMULT&#xC1;NEAS Y TRANSFERENCIA TEMPORAL DE (...) -- CAP&#xCD;TULO X. ASESOR&#xCD;A EN EL MERCADO DE CAPITALES -- CAP&#xCD;TULO XI ASESOR&#xCD;A EN EL MERCADO DE VALORES COMO ACTIVIDAD DE (...) -- CAP&#xCD;TULO XII. DEBERES DE LOS INTERMEDIARIOS DE VALORES -- SOBRE LA OBRA.</subfield>
  </datafield>
  <datafield tag="520" ind1=" " ind2=" ">
    <subfield code="a">La obra que el lector tiene en sus manos es el fruto de un esfuerzo colectivo de m&#xE1;s de cuatro a&#xF1;os, realizado por un equipo integrado por treinta y dos abogados expertos en temas de Derecho del Mercado de Valores. Este proyecto acad&#xE9;mico y editorial surgi&#xF3; a mediados del a&#xF1;o 2010, en el seno de la Especializaci&#xF3;n en Legislaci&#xF3;n Financiera de la Universidad de los Andes, donde los docentes de mercado de valores, preocupados por la ausencia en la regi&#xF3;n latinoamericana de materiales de ense&#xF1;anza integrales y comprensivos, en idioma espa&#xF1;ol, sobre el r&#xE9;gimen jur&#xED;dico del mercado de valores, concibieron una obra colectiva que contribuyera a llenar este vac&#xED;o, por lo que decidieron formar el grupo base que asumi&#xF3; el desaf&#xED;o de dise&#xF1;arla, estructurarla, compilarla y hacerla realidad. Luego de un per&#xED;odo inicial de reflexi&#xF3;n y discusi&#xF3;n, se defini&#xF3; el prop&#xF3;sito y objetivo general de la obra: un texto de divulgaci&#xF3;n para dar a conocer las instituciones y los principios jur&#xED;dicos que actualmente forman parte del r&#xE9;gimen de los mercados de valores, que son de inter&#xE9;s p&#xFA;blico. La presente obra est&#xE1; dirigida a los operadores del mercado de valores, sus reguladores y supervisores, los abogados practicantes, los docentes, estudiantes y otros estudiosos de la materia.</subfield>
  </datafield>
  <datafield tag="588" ind1=" " ind2=" ">
    <subfield code="a">Descripci&#xF3;n basada en metadatos suministrados por el editor y otras fuentes.</subfield>
  </datafield>
  <datafield tag="590" ind1=" " ind2=" ">
    <subfield code="a">Recurso electr&#xF3;nico. Santa Fe, Arg.: elibro, 2021. Disponible v&#xED;a World Wide Web. El acceso puede estar limitado para las bibliotecas afiliadas a elibro.</subfield>
  </datafield>
  <datafield tag="650" ind1=" " ind2="0">
    <subfield code="a">Stock exchanges.</subfield>
  </datafield>
  <datafield tag="650" ind1=" " ind2="4">
    <subfield code="a">Bolsas de valores.</subfield>
  </datafield>
  <datafield tag="655" ind1=" " ind2="4">
    <subfield code="a">Libros electr&#xF3;nicos.</subfield>
  </datafield>
  <datafield tag="700" ind1="1" ind2=" ">
    <subfield code="a">Abella Abondano, Germ&#xE1;n Dar&#xED;o.</subfield>
  </datafield>
  <datafield tag="797" ind1="2" ind2=" ">
    <subfield code="a">elibro, Corp.</subfield>
  </datafield>
  <datafield tag="856" ind1="4" ind2="0">
    <subfield code="u">https://elibro.net/ereader/politecnicointernacional/118339</subfield>
  </datafield>
  <datafield tag="999" ind1=" " ind2=" ">
    <subfield code="c">20481</subfield>
    <subfield code="d">20481</subfield>
  </datafield>
</record>
